000 01180nam a22003137a 4500
001 210
003 FISKH
005 20250213152951.0
008 230306b cb ||||| |||| 00| 0 eng d
040 _aHQB
_cHQB
_dKRS
_dDLC
_dFISKH
_beng
050 _aQC955.2
082 _a551.55
100 1 _aSchreiber, Ann.
_d(1947-)
245 1 0 _aTwister trouble /
260 _aNew York
_bScholastic
_c2000
300 _a76 p. :
_bill. ;
_c20 cm.
490 0 _aThe Magic School Bus science chapter book ; v #5
500 _a"Based on The Magic School Bus books written by Joanna Cole and illustrated by Bruce Degen"-- T.p. verso.
505 _aK
520 _aWhile on their way to Weatherama Amusement Park to attend the Wild Weather Show, Ms. Frizzle and her class get a first-hand lesson in the forces of nature as they fly directly into the heart of a powerful tornado.
521 _a610
_bLexile
521 _aK
_bRaz-Plus
650 0 _aTornadoes
_vJuvenile literature.
650 1 _aTornadoes.
700 1 _aSpeirs, John.
710 2 _aCopyright Paperback Collection (Library of Congress)
_5DLC
906 _a7
_bcbc
_ccopycat
_d2
_encip
_f20
_gy-genrareb
942 _2ddc
_cBK
_n0
999 _c210
_d210